书目信息 |
| 题名: |
动物繁殖学
|
|
| 作者: | 周虚 主编 | |
| 分册: | ||
| 出版信息: | 北京 科学出版社 2015.06 |
|
| 页数: | 340页 | |
| 开本: | 26cm | |
| 丛书名: | ||
| 单 册: | ||
| 中图分类: | S814 | |
| 科图分类: | ||
| 主题词: | 家畜繁殖--高等教育--教材 , 家禽育种--高等教育--教材 | |
| 电子资源: | ||
| ISBN: | 978-7-03-044924-5 | |
| 000 | 00913nam0 2200253 450 | |
| 001 | 0400006637 | |
| 005 | 20171105103257.0 | |
| 010 | @a978-7-03-044924-5@dCNY49.80 | |
| 100 | @a20151101d2015 em y0chiy50 ea | |
| 101 | 0 | @achi |
| 102 | @aCN@b110000 | |
| 105 | @aa z 000yy | |
| 106 | @ar | |
| 200 | 1 | @a动物繁殖学@Adong wu fan zhi xue@f周虚主编 |
| 210 | @a北京@c科学出版社@d2015.06 | |
| 215 | @a340页@c图@d26cm | |
| 300 | @a普通高等教育“十二五”规划教材 高等农林院校动物科学系列规划教材 | |
| 330 | @a本教材详细介绍了动物繁殖学的基本概念、调控机理、研究手段、繁殖生物技术及繁殖管理方法,同时还介绍了禽类的繁殖和包括鹿、水貂等在内的特种经济动物的繁殖以及小鼠大鼠等哺乳类实验动物的繁殖。 | |
| 606 | 0 | @a家畜繁殖@x高等教育@j教材 |
| 606 | 0 | @a家禽育种@x高等教育@j教材 |
| 690 | @aS814@v5 | |
| 701 | 0 | @a周虚@Azhou xu@f(1965-)@4主编 |
| 801 | 0 | @aCN@b上海新华@c20171105 |
| 905 | @b1023953-7@dS814@e147@f5 | |
| 动物繁殖学/周虚主编.-北京:科学出版社,2015.06 |
| 340页:图;26cm |
| 普通高等教育“十二五”规划教材 高等农林院校动物科学系列规划教材 |
| ISBN 978-7-03-044924-5:CNY49.80 |
| 本教材详细介绍了动物繁殖学的基本概念、调控机理、研究手段、繁殖生物技术及繁殖管理方法,同时还介绍了禽类的繁殖和包括鹿、水貂等在内的特种经济动物的繁殖以及小鼠大鼠等哺乳类实验动物的繁殖。 |
| ● |
| 相关链接 |
|
|
|
|
正题名:动物繁殖学
索取号:S814/147
 
预约/预借
| 序号 | 登录号 | 条形码 | 馆藏地/架位号 | 状态 | 备注 |
| 1 | 1023953 | 210239534 | 第二样本阅览室/ [索取号:S814/147] | 在馆 | |
| 2 | 1023954 | 210239543 | 密集书库-生命科学系/ [索取号:S814/147] | 在馆 | |
| 3 | 1023955 | 210239552 | 第三借阅区/ [索取号:S814/147] | 在馆 | |
| 4 | 1023956 | 210239561 | 第三借阅区/ [索取号:S814/147] | 在馆 | |
| 5 | 1023957 | 210239570 | 第三借阅区/ [索取号:S814/147] | 在馆 |